The law of land development in New South Wales

Bibliographic Details
Main Author: Wilcox, Murray R.
Format: Book
Published: Australia : Law Book Co. , 1967
Subjects:

MARC

LEADER 00000cam a2200000 7i4500
001 0000002221
005 20050426.0
040 |a INS 
090 0 0 |a RKF5692.   |b W697 1967 
100 1 |a Wilcox, Murray R. 
245 1 4 |a The law of land development in New South Wales   |c Murray R. Wilcox 
260 |a Australia :   |b Law Book Co. ,   |c 1967 
300 |a xiviii, 698p. ;   |c 24 cm. 
650 0 0 |a Building laws   |z New South Wales   |x Law 
650 0 0 |a Land tenure   |z New South Wales   |x Law 
999 |a 0000000542   |b BOOK   |c Reference   |e Default branch 
999 |a 0000022390   |b BOOK   |c Open Shelf   |e Default branch 
999 |a 0000023854   |b BOOK   |c Open Shelf   |e Default branch